[Event "Montevideo Crysol op 4th"]
[Site "Montevideo"]
[Date "2021.11.13"]
[Round "3"]
[White "Roman, Enrique"]
[Black "Toledo, Javier"]
[Result "0-1"]
[WhiteElo "1246"]
[BlackElo "1811"]
[PlyCount "48"]
[EventDate "2021.11.12"]
[EventType "swiss"]
[EventRounds "5"]
[EventCountry "URU"]
[SourceTitle "CBM 205 Extra"]
[Source "ChessBase"]
[SourceDate "2022.01.31"]
[SourceVersion "1"]
[SourceVersionDate "2022.01.31"]
[SourceQuality "1"]

1. d4 Nf6 2. c4 e6 3. Nc3 Bb4 4. Qb3 Bxc3+ 5. Qxc3 b6 6. Bg5 h6 7. Bh4 Bb7 8. Nf3 d6 9. Qb3 Nbd7 10. d5 exd5 11. cxd5 Bxd5 12. Qa4 g5 13. Nxg5 hxg5 14. Bxg5 Qe7 15. 0-0-0 Qe4 16. Rd4 Qe5 17. f4 Qe3+ 18. Kd1 b5 19. Rd3 Qxd3+ 20. exd3 bxa4 21. h4 Bxa2 22. Kc2 Rb8 23. Bxf6 Nxf6 24. Kc3 Nd5+ 0-1

[Event "Montevideo Trebejos Primavera op"]
[Site "Montevideo"]
[Date "2019.09.23"]
[Round "5"]
[White "Toledo, Javier"]
[Black "Rodriguez Lazo, Luis A"]
[Result "0-1"]
[WhiteElo "1801"]
[BlackElo "1861"]
[PlyCount "58"]
[EventDate "2019.09.09"]
[EventType "swiss"]
[EventRounds "6"]
[EventCountry "URU"]
[SourceTitle "CBM 195 Extra"]
[Source "ChessBase"]
[SourceDate "2020.05.31"]
[SourceVersion "1"]
[SourceVersionDate "2020.05.31"]
[SourceQuality "1"]

1. d4 c5 2. d5 d6 3. e4 Nf6 4. Nc3 g6 5. f4 Bg7 6. Bb5+ Nfd7 7. Nf3 0-0 8. 0-0 a6 9. Bxd7 Nxd7 10. a4 b6 11. Re1 Qc7 12. Qe2 e5 13. f5 gxf5 14. exf5 Nf6 15. Nh4 Bb7 16. Rd1 Qe7 17. g3 Rfe8 18. Ra3 e4 19. Bf4 Nd7 20. Qg4 Kh8 21. Qe2 Bd4+ 22. Kh1 Rg8 23. Nf3 Bxc3 24. Rxc3 Rae8 25. Nh4 Nf6 26. Rb3 Nxd5 27. Bxd6 Qxd6 28. c4 Nf4 29. gxf4 Qxf4 0-1

[Event "Montevideo Trebejos Verano op"]
[Site "Montevideo"]
[Date "2019.01.21"]
[Round "2"]
[White "Carbone, Diego"]
[Black "Toledo, Javier"]
[Result "1-0"]
[WhiteElo "2256"]
[BlackElo "1814"]
[PlyCount "49"]
[EventDate "2019.01.18"]
[EventType "swiss"]
[EventRounds "7"]
[EventCountry "URU"]
[SourceTitle "CBM 188 Extra"]
[Source "ChessBase"]
[SourceDate "2019.02.26"]
[SourceVersion "1"]
[SourceVersionDate "2019.02.26"]
[SourceQuality "1"]

1. d4 Nf6 2. c4 e6 3. g3 Bb4+ 4. Bd2 Qe7 5. Nf3 Nc6 6. Nc3 Na5 7. b3 b6 8. Bg2 Bb7 9. 0-0 Nc6 10. d5 Nd8 11. e4 Bxc3 12. Bxc3 0-0 13. Qc2 d6 14. Rae1 e5 15. Bh3 Bc8 16. Bxc8 Rxc8 17. Nh4 g6 18. f4 Nh5 19. f5 Qg5 20. f6 c6 21. Ng2 cxd5 22. Qd1 Qh6 23. Bd2 g5 24. Rf5 Ne6 25. cxd5 1-0

[Event "Montevideo Duchamp Cup 2nd"]
[Site "Montevideo"]
[Date "2018.02.04"]
[Round "4"]
[White "Amaral, Francisco"]
[Black "Toledo, Javier"]
[Result "1-0"]
[WhiteElo "1581"]
[BlackElo "1859"]
[PlyCount "85"]
[EventDate "2018.02.02"]
[EventType "swiss"]
[EventRounds "9"]
[EventCountry "URU"]
[SourceTitle "CBM 182 Extra"]
[Source "ChessBase"]
[SourceDate "2018.02.23"]
[SourceVersion "1"]
[SourceVersionDate "2018.02.23"]
[SourceQuality "1"]

1. c4 e5 2. Nc3 Nc6 3. g3 Bc5 4. Bg2 a6 5. e3 d6 6. h3 Nf6 7. Nge2 Be6 8. b3 Bf5 9. d4 Bb4 10. Bb2 Qd7 11. Kf1 Bxc3 12. Bxc3 exd4 13. Nxd4 Nxd4 14. exd4 0-0-0 15. f3 h5 16. Kf2 Rde8 17. Qd2 Re7 18. Rhe1 Rhe8 19. Rxe7 Rxe7 20. d5 Qe8 21. Bxf6 gxf6 22. Bf1 h4 23. g4 Bg6 24. Bd3 Bxd3 25. Qxd3 Re5 26. Qd2 Qe7 27. Re1 f5 28. Rxe5 Qxe5 29. f4 Qe4 30. Qe3 Qc2+ 31. Qe2 Qxe2+ 32. Kxe2 fxg4 33. hxg4 Kd7 34. g5 Ke7 35. f5 Kf8 36. Kf3 Kg7 37. Kg4 a5 38. a4 b6 39. Kxh4 Kh7 40. Kh5 Kg7 41. f6+ Kh7 42. g6+ fxg6+ 43. Kg5 1-0

[Event "Montevideo Duchamp Cup 2nd"]
[Site "Montevideo"]
[Date "2018.02.03"]
[Round "3"]
[White "Toledo, Javier"]
[Black "Vaz Lacuesta, Leonardo"]
[Result "0-1"]
[WhiteElo "1859"]
[BlackElo "2131"]
[PlyCount "90"]
[EventDate "2018.02.02"]
[EventType "swiss"]
[EventRounds "9"]
[EventCountry "URU"]
[SourceTitle "CBM 182 Extra"]
[Source "ChessBase"]
[SourceDate "2018.02.23"]
[SourceVersion "1"]
[SourceVersionDate "2018.02.23"]
[SourceQuality "1"]

1. e4 e6 2. d4 d5 3. e5 c5 4. c3 Nc6 5. Nf3 Bd7 6. a3 c4 7. Nbd2 Na5 8. h4 h6 9. g3 Qc7 10. Bh3 Ne7 11. h5 Nc8 12. 0-0 Nb6 13. Nh4 Be7 14. Ng2 0-0-0 15. f4 g6 16. Ne3 Rhg8 17. Kh2 Rdf8 18. g4 g5 19. f5 f6 20. fxe6 Ba4 21. Qe1 fxe5 22. Nf5 exd4+ 23. Kh1 dxc3 24. bxc3 Rf6 25. Bg2 Bc2 26. Nd4 Bd3 27. Rxf6 Bxf6 28. N2f3 a6 29. Be3 Na4 30. Bf2 Nc5 31. Nf5 Bxf5 32. gxf5 Nab3 33. Rd1 Nd3 34. Qg1 g4 35. Nd4 Rg5 36. Bxd5 g3 37. Rxd3 cxd3 38. e7 Bxe7 39. Ne6 gxf2 40. Qxf2 Rxh5+ 41. Kg1 Bc5 42. Nxc7 Bxf2+ 43. Kxf2 Nc1 44. Ne8 Rxf5+ 45. Bf3 Rxf3+ 0-1

[Event "Montevideo Municipal op"]
[Site "Montevideo"]
[Date "2017.09.13"]
[Round "7"]
[White "Avedisian, Alexander"]
[Black "Toledo, Javier"]
[Result "1/2-1/2"]
[WhiteElo "1865"]
[BlackElo "1864"]
[PlyCount "55"]
[EventDate "2017.08.30"]
[EventType "swiss"]
[EventRounds "7"]
[EventCountry "URU"]
[SourceTitle "CBM 180 Extra"]
[Source "ChessBase"]
[SourceDate "2017.10.06"]
[SourceVersion "1"]
[SourceVersionDate "2017.10.06"]
[SourceQuality "1"]

1. g3 d5 2. Nf3 Nf6 3. Bg2 Bf5 4. 0-0 c6 5. c4 e6 6. d3 h6 7. cxd5 cxd5 8. Nd4 Bg6 9. Qb3 Nc6 10. Nxc6 bxc6 11. Qa4 Qd7 12. Na3 Be7 13. Nc4 c5 14. Qa6 0-0 15. Ne5 Qc8 16. Qxc8 Raxc8 17. Nxg6 fxg6 18. b3 Rfe8 19. Ba3 c4 20. Bxe7 Rxe7 21. dxc4 dxc4 22. bxc4 Rxc4 23. Rfc1 Rec7 24. Rxc4 Rxc4 25. a4 a5 26. Bb7 Nd7 27. Ba6 Rb4 28. Bb5 1/2-1/2

[Event "Montevideo Municipal op"]
[Site "Montevideo"]
[Date "2017.09.11"]
[Round "6"]
[White "Toledo, Javier"]
[Black "Barboza, Mauro"]
[Result "1-0"]
[WhiteElo "1864"]
[BlackElo "1882"]
[PlyCount "85"]
[EventDate "2017.08.30"]
[EventType "swiss"]
[EventRounds "7"]
[EventCountry "URU"]
[SourceTitle "CBM 180 Extra"]
[Source "ChessBase"]
[SourceDate "2017.10.06"]
[SourceVersion "1"]
[SourceVersionDate "2017.10.06"]
[SourceQuality "1"]

1. e4 e5 2. Nf3 Nc6 3. Bb5 a6 4. Ba4 Nf6 5. Qe2 b5 6. Bb3 Bc5 7. c3 d6 8. d3 h6 9. 0-0 Bg4 10. Be3 Ba7 11. Bxa7 Nxa7 12. Qe3 Nc6 13. Nbd2 Ne7 14. d4 Ng6 15. Rfd1 Qe7 16. a4 0-0 17. h3 Be6 18. d5 Bd7 19. Nf1 Nf4 20. Ng3 g5 21. Nf5 Bxf5 22. exf5 Qd7 23. Bc2 N4xd5 24. Qd2 Rfe8 25. Nxg5 hxg5 26. Qxg5+ Kf8 27. Bb3 c6 28. Bxd5 Ke7 29. Bxf7 Rg8 30. Bxg8 Rxg8 31. Qh4 Qxf5 32. axb5 axb5 33. f4 e4 34. Kh1 e3 35. Re1 Qe4 36. Ra7+ Ke6 37. f5+ Kd5 38. Qxe4+ Nxe4 39. Rxe3 Ng3+ 40. Rxg3 Rxg3 41. f6 Rg6 42. f7 Rf6 43. Re7 1-0

[Event "Montevideo Bouza Memorial"]
[Site "Montevideo"]
[Date "2017.07.14"]
[Round "2"]
[White "Gomez Troccoli, Martin"]
[Black "Toledo, Javier"]
[Result "0-1"]
[WhiteElo "1915"]
[BlackElo "1868"]
[PlyCount "58"]
[EventDate "2017.07.12"]
[EventType "swiss"]
[EventRounds "7"]
[EventCountry "URU"]
[SourceTitle "EXT 2018"]
[Source "ChessBase"]
[SourceDate "2017.10.13"]
[SourceVersion "1"]
[SourceVersionDate "2017.10.13"]
[SourceQuality "1"]

1. e4 c5 2. Nf3 Nc6 3. d4 cxd4 4. Nxd4 g6 5. c4 Bg7 6. Be3 Nf6 7. Nc3 d6 8. f3 0-0 9. Be2 Bd7 10. 0-0 Nxd4 11. Bxd4 Bc6 12. Qd2 a5 13. b3 Nd7 14. Bxg7 Kxg7 15. Kh1 Nc5 16. f4 f6 17. Qe3 e5 18. Rad1 Qe7 19. Bd3 exf4 20. Rxf4 Qe5 21. Bc2 f5 22. Rh4 f4 23. Qh3 h5 24. Nd5 Nxe4 25. Bxe4 Qxe4 26. Nc7 Qe2 27. Rg1 f3 28. Nd5 Bxd5 29. cxd5 f2 0-1

[Event "Montevideo Bouza Memorial"]
[Site "Montevideo"]
[Date "2017.07.12"]
[Round "1"]
[White "Toledo, Javier"]
[Black "Souto, Andres"]
[Result "1/2-1/2"]
[WhiteElo "1868"]
[BlackElo "1344"]
[PlyCount "117"]
[EventDate "2017.07.12"]
[EventType "swiss"]
[EventRounds "7"]
[EventCountry "URU"]
[SourceTitle "EXT 2018"]
[Source "ChessBase"]
[SourceDate "2017.10.13"]
[SourceVersion "1"]
[SourceVersionDate "2017.10.13"]
[SourceQuality "1"]

1. d4 d5 2. Nf3 Bf5 3. e3 Nf6 4. c4 e6 5. Qb3 Qc8 6. Nc3 c6 7. Be2 Be7 8. 0-0 Nbd7 9. cxd5 exd5 10. Bd2 0-0 11. Rac1 Qb8 12. Na4 Bd6 13. Nc5 Nxc5 14. dxc5 Bc7 15. g3 Re8 16. Nd4 Bd7 17. Bf3 Be5 18. Rfe1 Bxd4 19. exd4 b6 20. Bf4 Qb7 21. Bg2 Rxe1+ 22. Rxe1 Re8 23. Rxe8+ Nxe8 24. Qc3 b5 25. Qa5 Qa8 26. Qe1 Qc8 27. Qe7 a6 28. h4 Be6 29. Qa7 h6 30. Qb6 Kh7 31. Kh2 g6 32. f3 Nf6 33. Be5 Nd7 34. Qa7 Nxe5 35. dxe5 h5 36. a3 Kh6 37. f4 Qf8 38. Qb6 Qc8 39. b4 Qa8 40. Qc7 Qc8 41. Qe7 Qd7 42. Qf6 Qe8 43. Bf3 Kh7 44. Qg5 Qf8 45. Kg2 Qc8 46. Kf2 Qd7 47. Qf6 Qc7 48. Bxh5 gxh5 49. f5 Qd7 50. fxe6 Qxe6 51. Qg5 Qg6 52. Qe3 Qf5+ 53. Kg1 Kg6 54. Qe2 Qe4 55. Qf2 Qxe5 56. Kh2 f5 57. Qf4 Qe2+ 58. Kh3 Qg4+ 59. Kg2 1/2-1/2

[Event "URU-chTA"]
[Site "Uruguay"]
[Date "2017.07.08"]
[Round "3.3"]
[White "Toledo, Javier"]
[Black "Caitano, Pablo"]
[Result "0-1"]
[WhiteElo "1868"]
[BlackElo "1825"]
[PlyCount "98"]
[EventDate "2017.07.07"]
[EventType "team-swiss"]
[EventRounds "5"]
[EventCountry "URU"]
[SourceTitle "EXT 2018"]
[Source "ChessBase"]
[SourceDate "2017.10.13"]
[SourceVersion "1"]
[SourceVersionDate "2017.10.13"]
[SourceQuality "1"]
[WhiteTeam "Casa de Cultura Minas"]
[BlackTeam "CBR II"]
[WhiteTeamCountry "URU"]
[BlackTeamCountry "URU"]

1. d4 Nf6 2. Bg5 d5 3. Bxf6 exf6 4. e3 Bd6 5. g3 0-0 6. Bg2 c6 7. Ne2 Bg4 8. Nd2 Qd7 9. 0-0 Bh3 10. c4 Bxg2 11. Kxg2 Bb4 12. c5 Bxd2 13. Qxd2 Na6 14. a3 Nc7 15. b4 Ne6 16. f4 g6 17. Nc3 Ng7 18. h3 Rfe8 19. Qf2 Re7 20. Rae1 Rae8 21. g4 f5 22. g5 Nh5 23. Re2 Kg7 24. Rfe1 Re6 25. h4 R8e7 26. Nd1 Qe8 27. Nb2 f6 28. Nd3 h6 29. Kf3 hxg5 30. hxg5 fxg5 31. fxg5 Re4 32. Nf4 Nxf4 33. exf4 Qb8 34. Qh2 Qh8 35. Qxh8+ Kxh8 36. Rxe4 fxe4+ 37. Kg4 Kg7 38. Re3 Re8 39. Re1 Rh8 40. Re3 Rh1 41. Kg3 Kf7 42. Kg2 Rh5 43. Kg3 Ke6 44. Kg4 Rh1 45. Kg3 Kf5 46. Re2 Ra1 47. Rh2 Rxa3+ 48. Kh4 Kxf4 49. Rf2+ Rf3 0-1

[Event "Montevideo Andrea Memorial 2nd"]
[Site "Montevideo"]
[Date "2017.06.22"]
[Round "6"]
[White "Muniz, Gonzalo"]
[Black "Toledo, Javier"]
[Result "1-0"]
[WhiteElo "1944"]
[BlackElo "1886"]
[PlyCount "55"]
[EventDate "2017.06.01"]
[EventType "tourn"]
[EventRounds "7"]
[EventCountry "URU"]
[SourceTitle "EXT 2018"]
[Source "ChessBase"]
[SourceDate "2017.10.13"]
[SourceVersion "1"]
[SourceVersionDate "2017.10.13"]
[SourceQuality "1"]

1. Nf3 d5 2. g3 c6 3. Bg2 Nf6 4. 0-0 Bf5 5. d3 e6 6. Nbd2 Bc5 7. b3 0-0 8. Bb2 Nbd7 9. c4 h6 10. a3 a5 11. Qb1 Bh7 12. Bc3 Bd6 13. Qb2 Qc7 14. b4 e5 15. c5 d4 16. Bxd4 exd4 17. cxd6 Qxd6 18. Nc4 Qc7 19. Nxa5 Rfd8 20. Nxd4 Nb6 21. Ndb3 Nbd5 22. Rfc1 Qb6 23. Rc5 Rd7 24. Rac1 Bg6 25. Nc4 Qa7 26. Ra5 Qb8 27. Rxa8 Qxa8 28. e4 1-0

[Event "Montevideo Trebejos Autumn op"]
[Site "Montevideo"]
[Date "2017.05.05"]
[Round "5"]
[White "Toledo, Javier"]
[Black "Guisande, Fernando"]
[Result "0-1"]
[WhiteElo "1881"]
[BlackElo "1909"]
[PlyCount "91"]
[EventDate "2017.04.24"]
[EventType "swiss"]
[EventRounds "7"]
[EventCountry "URU"]
[SourceTitle "CBM 178 Extra"]
[Source "ChessBase"]
[SourceDate "2017.06.22"]
[SourceVersion "1"]
[SourceVersionDate "2017.06.22"]
[SourceQuality "1"]

1. d4 Nf6 2. Nf3 d5 3. e3 c5 4. b3 e6 5. Bd3 Nc6 6. 0-0 cxd4 7. exd4 Be7 8. a3 0-0 9. Bb2 h6 10. Nbd2 Nh7 11. Ne5 Bf6 12. Qe2 Qb6 13. Ndf3 Ng5 14. Nxg5 Bxg5 15. Nxc6 bxc6 16. f4 Bf6 17. Qe3 Ba6 18. Bxa6 Qxa6 19. b4 Qc4 20. c3 a5 21. Rac1 Qb3 22. Qd2 g6 23. Rf3 Qc4 24. Rh3 Bg7 25. Kh1 Qa6 26. Rg1 Qc8 27. g4 f6 28. Qd3 Qe8 29. Bc1 e5 30. fxe5 fxe5 31. Bxh6 e4 32. Qd1 Qf7 33. Bxg7 Qxg7 34. Rf1 axb4 35. axb4 Rxf1+ 36. Qxf1 Rf8 37. Qe2 Qf6 38. Kg1 Qf4 39. Rg3 Kg7 40. Kg2 g5 41. Rh3 Rf6 42. Rh5 e3 43. Kg1 Kg8 44. Rh3 Re6 45. Rg3 Kg7 46. h3 0-1